000 00256nam a2200097Ia 4500
082 _aJ|363.73|IRVI
245 0 _aPollution solution?
100 _a Irvine, Sarah London, 2009
_966260
942 _cBK
008 210817s9999 xx 000 0 und d
999 _c212480
_d212478